| 000 | 01298nam a2200133Ia 4500 | ||
|---|---|---|---|
| 008 | 220620s9999||||xx |||||||||||||| ||und|| | ||
| 020 | _a9783040000000 | ||
| 245 | 0 | _aApplication of Nanomaterials in Biomedical Imaging and Cancer Therapy | |
| 546 | _aEnglish[eng] | ||
| 650 | _ananoparticles||anisotropy||plasmonic photothermal therapy||surface plasmon resonance||light scattering||cancer treatment||drug release||microgels||gold nanorods||cancer therapy||photothermal therapy||photoacoustic imaging||lung cancer||EGFR-targeting||nanoparticle||cancer||immunotherapy||pH-responsive||drug delivery||application||biomedical imaging||correlative microscopy||3D CLEM||volume imaging||NIR-triggered||photothermal agent||deep tissue||upconversion nanoparticles||silica-coated UCNPs||bio-imaging||bio-application||gold nanoparticles||spiky nanoparticles||phototheranostics||colon cancer cells||NIR triggering||gold nanoparticle||nanoparticle-enhanced radiotherapy||MR-guided radiotherapy||DNA damage||Monte Carlo simulation||dose enhancement||magnetic field||phototherapy||photodynamic therapy||Co-Fe ferrite nanoparticles||magnetic hyperthermia||specific loss power||optimization||alternative therapy||n/a | ||
| 700 | _aChow, James C L | ||
| 856 | _uhttps://mdpi.com/books/pdfview/book/5197 | ||
| 942 | _cEB | ||
| 999 |
_c25820 _d25820 |
||